| 000 | 00915nac a22002771u 4500 | ||
|---|---|---|---|
| 003 | EG-ScBUE | ||
| 005 | 20221101094835.0 | ||
| 008 | 090127t2005 enka f b 001 0 eng d | ||
| 020 | _a9781405135054 | ||
| 040 |
_aEG-ScBUE _beng _erda _cEG-ScBUE _dEG-ScBUE |
||
| 082 | 0 | 4 |
_a721 _bARC _222 |
| 245 | 0 | 4 |
_aThe architects' handbook / _cedited by Quentin Pickard. |
| 264 | 1 |
_aOxford : _bBlackwell Publishing Company, _c[2005] |
|
| 264 | 4 | _cc2005 | |
| 300 |
_aix, 454 pages : _billustrations ; _c30 cm |
||
| 336 |
_2rdacontent _atext _btxt |
||
| 337 |
_2rdamedia _aunmediated _bn |
||
| 338 |
_2rdacarrier _avolume _bnc |
||
| 504 | _aIncludes bibliographical references and index. | ||
| 650 | 7 |
_aArchitecture _vHandbooks, manuals, etc. _2BUEsh |
|
| 650 | 7 |
_aArchitectural drawing _vHandbooks, manuals, etc. _2BUEsh |
|
| 653 | _bENGARC | ||
| 655 | _vReading book | ||
| 700 | 1 |
_aPickard, Quentin, _eeditor. |
|
| 942 |
_cBB _2ddc |
||
| 999 |
_c8359 _d8359 |
||